00377 a2200157 4500003000500000005001700005040000900022082001000031100001700041245006300058250001200121260004400133300000900177538001100186650002200197Nust20170207164336.0 cNust a025.5 aMann, Thomas aThe Oxford Guide to Library Research (E BOOK)cThomas Mann a3rd ed. aNew YorkbOxford University Pressc2005 a317p aE Book a Library Research